[Event "CZE-chT2C 0809"]
[Site "Czech Republic"]
[Date "2008.11.23"]
[Round "3.7"]
[White "Forman, Miroslav"]
[Black "Kastner, Vojtech"]
[Result "1-0"]
[WhiteElo "2062"]
[BlackElo "2000"]
[PlyCount "39"]
[EventDate "2008.10.12"]
[EventType "tourn"]
[EventRounds "11"]
[EventCountry "CZE"]
[SourceTitle "EXT 2010"]
[Source "ChessBase"]
[SourceDate "2010.11.25"]
[SourceVersion "1"]
[SourceVersionDate "2010.11.25"]
[SourceQuality "1"]
[WhiteTeam "Praha Oaza"]
[BlackTeam "Polabiny III"]
[WhiteTeamCountry "CZE"]
[BlackTeamCountry "CZE"]

1. d4 e6 2. c4 Nf6 3. Bg5 d5 4. Nc3 Nbd7 5. Nf3 c6 6. e3 Qa5 7. Nd2 Bb4 8. Qc2 dxc4 9. Bxf6 Nxf6 10. Nxc4 Qg5 11. f4 Qh4+ 12. g3 Qh5 13. Be2 Qg6 14. Bd3 Qh5 15. Ne5 Nd5 16. Kf2 0-0 17. Be2 Qh6 18. h4 f6 19. Nd3 f5 20. Nxd5 1-0

[Event "CZE-chT2d 0607"]
[Site "Czech Republic"]
[Date "2007.01.14"]
[Round "6.8"]
[White "Svoboda, Ivo"]
[Black "Kastner, Vojtech"]
[Result "1/2-1/2"]
[WhiteElo "2034"]
[BlackElo "1996"]
[PlyCount "79"]
[EventDate "2006.10.15"]
[EventType "team-tourn"]
[EventRounds "11"]
[EventCountry "CZE"]
[SourceTitle "EXT 2009"]
[Source "ChessBase"]
[SourceDate "2008.11.26"]
[SourceVersion "1"]
[SourceVersionDate "2008.11.26"]
[SourceQuality "1"]

1. e4 e6 2. d3 d5 3. Nd2 c5 4. Ngf3 Nc6 5. g3 Nf6 6. Bg2 Qc7 7. 0-0 Be7 8. Re1 0-0 9. Qe2 Nd7 10. e5 a5 11. Nf1 b5 12. Bf4 b4 13. h4 Ba6 14. N1h2 c4 15. Ng4 Nc5 16. Rad1 b3 17. axb3 cxd3 18. cxd3 Nb4 19. Nf6+ Kh8 20. Ng5 Bxd3 21. Rxd3 Nbxd3 22. Qh5 h6 23. Re3 Bd8 24. Ng4 Kg8 25. Nxh6+ gxh6 26. Qxh6 f5 27. Rxd3 Bxg5 28. Qxg5+ Qg7 29. Qxg7+ Kxg7 30. Rc3 Rfc8 31. g4 fxg4 32. Rg3 Kf7 33. Rxg4 Nxb3 34. Bg5 Rc2 35. Rf4+ Kg8 36. Bf6 Rxb2 37. h5 a4 38. Rg4+ Kh7 39. Rg7+ Kh6 40. Bf3 1/2-1/2

[Event "CZE-chT2d 0607"]
[Site "Czech Republic"]
[Date "2006.11.05"]
[Round "2.8"]
[White "Lausman, Petr"]
[Black "Kastner, Vojtech"]
[Result "1/2-1/2"]
[WhiteElo "2050"]
[BlackElo "1996"]
[PlyCount "68"]
[EventDate "2006.10.15"]
[EventType "team-tourn"]
[EventRounds "11"]
[EventCountry "CZE"]
[SourceTitle "EXT 2009"]
[Source "ChessBase"]
[SourceDate "2008.11.26"]
[SourceVersion "1"]
[SourceVersionDate "2008.11.26"]
[SourceQuality "1"]

1. e4 e6 2. d4 d5 3. exd5 exd5 4. Bd3 Nc6 5. c3 Bd6 6. Ne2 Bg4 7. Be3 Nge7 8. f3 Bh5 9. Nd2 Bg6 10. Qc2 Qd7 11. 0-0 0-0 12. f4 Bxd3 13. Qxd3 Nf5 14. Bf2 Rae8 15. Nf3 f6 16. Rae1 Nce7 17. g4 Nh6 18. h3 Nf7 19. f5 Nc8 20. Kg2 Re7 21. Bg3 Rfe8 22. Nf4 Bxf4 23. Bxf4 Ncd6 24. Rxe7 Rxe7 25. Nd2 Ne4 26. Nxe4 Rxe4 27. Rf2 Qe7 28. Kf3 Nd6 29. Re2 Rxe2 30. Qxe2 Ne4 31. Qb5 c6 32. Qd3 Kf7 33. c4 Qd7 34. b4 a6 1/2-1/2

[Event "CZE-chT U18 0506"]
[Site "Czech Republic"]
[Date "2006.04.22"]
[Round "6.4"]
[White "Rakus, Pavel"]
[Black "Kastner, Vojtech"]
[Result "1/2-1/2"]
[WhiteElo "2038"]
[BlackElo "1988"]
[PlyCount "54"]
[EventDate "2005.10.08"]
[EventType "team-tourn"]
[EventRounds "11"]
[EventCountry "CZE"]
[SourceTitle "EXT 2009"]
[Source "ChessBase"]
[SourceDate "2008.11.26"]
[SourceVersion "1"]
[SourceVersionDate "2008.11.26"]
[SourceQuality "1"]
[WhiteTeam "Frydek Mistek II"]
[BlackTeam "Havlickuv Brod"]
[WhiteTeamCountry "CZE"]
[BlackTeamCountry "CZE"]

1. Nf3 Nf6 2. g3 d5 3. Bg2 c5 4. 0-0 Nc6 5. d4 e6 6. b3 b5 7. dxc5 Bxc5 8. Bb2 Bb7 9. e3 0-0 10. Qe2 b4 11. Rd1 Qb6 12. c4 Rad8 13. Nbd2 Rfe8 14. Ne5 Nxe5 15. Bxe5 a5 16. Bb2 Ba6 17. Qf3 e5 18. cxd5 e4 19. Qf4 Nxd5 20. Qg4 Nc3 21. Bxc3 bxc3 22. Nxe4 Bxe3 23. Nxc3 Bxf2+ 24. Kh1 Bd4 25. Nd5 Rxd5 26. Bxd5 Bxa1 27. Rxa1 Qf2 1/2-1/2

[Event "CZE-chT2c 0506"]
[Site "Czech Republic"]
[Date "2006.04.09"]
[Round "11.8"]
[White "Kastner, Vojtech"]
[Black "Matejka, Petr"]
[Result "1/2-1/2"]
[WhiteElo "1953"]
[BlackElo "2083"]
[PlyCount "27"]
[EventDate "2005.10.16"]
[EventType "team-tourn"]
[EventRounds "11"]
[EventCountry "CZE"]
[SourceTitle "EXT 2009"]
[Source "ChessBase"]
[SourceDate "2008.11.26"]
[SourceVersion "1"]
[SourceVersionDate "2008.11.26"]
[SourceQuality "1"]
[WhiteTeam "Synthesia II"]
[BlackTeam "Bohemians II"]
[WhiteTeamCountry "CZE"]
[BlackTeamCountry "CZE"]

1. e4 c6 2. d4 d5 3. Nd2 dxe4 4. Nxe4 Bf5 5. Ng3 Bg6 6. Nf3 Nd7 7. h4 h6 8. h5 Bh7 9. Bd3 Bxd3 10. Qxd3 Qc7 11. Bd2 Ngf6 12. Qe2 e6 13. 0-0-0 0-0-0 14. Ne5 1/2-1/2

[Event "CZE-chT2c 0506"]
[Site "Czech Republic"]
[Date "2006.01.15"]
[Round "6.8"]
[White "Postupa, Pavel"]
[Black "Kastner, Vojtech"]
[Result "0-1"]
[WhiteElo "2110"]
[BlackElo "1953"]
[PlyCount "64"]
[EventDate "2005.10.16"]
[EventType "team-tourn"]
[EventRounds "11"]
[EventCountry "CZE"]
[SourceTitle "EXT 2009"]
[Source "ChessBase"]
[SourceDate "2008.11.26"]
[SourceVersion "1"]
[SourceVersionDate "2008.11.26"]
[SourceQuality "1"]
[WhiteTeam "Mlada Boleslav"]
[BlackTeam "Synthesia II"]
[WhiteTeamCountry "CZE"]
[BlackTeamCountry "CZE"]

1. e4 e6 2. d4 d5 3. Nc3 Nf6 4. e5 Nfd7 5. Nce2 c5 6. c3 Nc6 7. f4 b5 8. Nf3 Qb6 9. Be3 a5 10. g3 b4 11. Bg2 a4 12. Rc1 a3 13. b3 bxc3 14. dxc5 Bxc5 15. Bxc5 Nxc5 16. Nxc3 Ne4 17. Nxe4 Qe3+ 18. Qe2 Qxc1+ 19. Kf2 Qb2 20. Nd6+ Ke7 21. Qxb2 axb2 22. a4 Ba6 23. Rb1 Rhb8 24. Rxb2 f6 25. Ke3 fxe5 26. fxe5 Nxe5 27. Nf5+ Kf6 28. Nxe5 Kxe5 29. Nd4 Kd6 30. b4 Bc4 31. Bh3 Rxa4 32. Bxe6 Re8 0-1

[Event "CZE-chT U18 0506"]
[Site "Czech Republic"]
[Date "2006.01.14"]
[Round "5.1"]
[White "Kastner, Vojtech"]
[Black "Ruzicka, Ales"]
[Result "1-0"]
[WhiteElo "1988"]
[BlackElo "1907"]
[PlyCount "96"]
[EventDate "2005.10.08"]
[EventType "team-tourn"]
[EventRounds "11"]
[EventCountry "CZE"]
[SourceTitle "EXT 2009"]
[Source "ChessBase"]
[SourceDate "2008.11.26"]
[SourceVersion "1"]
[SourceVersionDate "2008.11.26"]
[SourceQuality "1"]
[WhiteTeam "Havlickuv Brod"]
[BlackTeam "Tabor"]
[WhiteTeamCountry "CZE"]
[BlackTeamCountry "CZE"]

1. e4 c5 2. Nf3 d6 3. d4 cxd4 4. Nxd4 a6 5. c4 Nf6 6. f3 Nc6 7. Be3 g6 8. Nc3 Bg7 9. Be2 0-0 10. Qd2 Nxd4 11. Bxd4 Be6 12. Rc1 Rc8 13. b3 Nd7 14. Be3 f5 15. h4 Nf6 16. exf5 gxf5 17. 0-0 Nh5 18. Nd5 Qe8 19. Rfd1 Qf7 20. c5 f4 21. Bf2 Bxd5 22. Qxd5 Qxd5 23. Rxd5 Nf6 24. Rf5 Nd7 25. Bc4+ Kh8 26. Rxf8+ Nxf8 27. cxd6 exd6 28. Rc2 d5 29. Bd3 Rxc2 30. Bxc2 Kg8 31. Bb6 Nd7 32. Bc7 Be5 33. Bxe5 Nxe5 34. Bf5 d4 35. Bc8 Kf7 36. Bxb7 a5 37. Be4 h6 38. Kf2 Ke6 39. g3 fxg3+ 40. Kxg3 Nd7 41. a3 Ke5 42. b4 axb4 43. axb4 Nf6 44. b5 Nd7 45. Bc6 Nb6 46. f4+ Kf5 47. Kf3 Nc4 48. Be4+ Kf6 1-0

[Event "Litomysl op"]
[Site "Litomysl"]
[Date "2005.12.26"]
[Round "1"]
[White "Kastner, Vojtech"]
[Black "Jedlicka, Ales"]
[Result "0-1"]
[WhiteElo "1953"]
[BlackElo "2289"]
[PlyCount "48"]
[EventDate "2005.12.26"]
[EventType "swiss"]
[EventRounds "9"]
[EventCountry "CZE"]
[SourceTitle "CBM 110 Extra"]
[Source "ChessBase"]
[SourceDate "2006.03.10"]
[SourceVersion "2"]
[SourceVersionDate "2006.03.10"]
[SourceQuality "1"]

1. e4 c5 2. Nf3 e6 3. d4 cxd4 4. Nxd4 a6 5. Bd3 Qc7 6. 0-0 Nc6 7. Be3 Nf6 8. f4 h5 9. Nxc6 bxc6 10. e5 Ng4 11. Bd4 c5 12. h3 cxd4 13. hxg4 hxg4 14. Qxg4 Bb7 15. Nd2 Bc5 16. Qg5 g6 17. Nf3 Rh5 18. Qf6 Rh7 19. Qg5 Be7 20. Qg4 0-0-0 21. Nxd4 Bc5 22. c3 Qb6 23. Rfc1 Kb8 24. Kf1 Rh1+ 0-1

[Event "CZE-chT2c 0506"]
[Site "Czech Republic"]
[Date "2005.12.04"]
[Round "4.8"]
[White "Wenke, Oldrich"]
[Black "Kastner, Vojtech"]
[Result "1/2-1/2"]
[WhiteElo "2085"]
[BlackElo "1953"]
[PlyCount "81"]
[EventDate "2005.10.16"]
[EventType "team-tourn"]
[EventRounds "11"]
[EventCountry "CZE"]
[SourceTitle "EXT 2009"]
[Source "ChessBase"]
[SourceDate "2008.11.26"]
[SourceVersion "1"]
[SourceVersionDate "2008.11.26"]
[SourceQuality "1"]
[WhiteTeam "Nachod"]
[BlackTeam "Synthesia II"]
[WhiteTeamCountry "CZE"]
[BlackTeamCountry "CZE"]

1. e4 e6 2. d4 d5 3. e5 c5 4. c3 Nc6 5. Nf3 Bd7 6. a3 Rc8 7. Be2 Qb6 8. 0-0 cxd4 9. cxd4 Nh6 10. b4 Nf5 11. Be3 Be7 12. g4 Nh4 13. Nxh4 Bxh4 14. Qd3 f6 15. f4 g5 16. b5 Nd8 17. Nd2 gxf4 18. Bxf4 0-0 19. Nf3 fxe5 20. Nxe5 Be8 21. Bh6 Rxf1+ 22. Rxf1 Nf7 23. Nxf7 Bxf7 24. Qe3 e5 25. dxe5 Qxe3+ 26. Bxe3 Rc3 27. Bxa7 Rxa3 28. Bc5 Rc3 29. Bb6 Bg5 30. Rf3 Rc1+ 31. Kf2 Bh4+ 32. Ke3 Rc3+ 33. Kf4 Rc2 34. Re3 Bf2 35. Kf3 Bxe3 36. Bxe3 Rb2 37. Bd4 Rb3+ 38. Kf4 Be6 39. h4 Kg7 40. b6 Rh3 41. h5 1/2-1/2

[Event "CZE-chT2c 0506"]
[Site "Czech Republic"]
[Date "2005.11.20"]
[Round "3.8"]
[White "Kastner, Vojtech"]
[Black "Haspl, Miroslav"]
[Result "0-1"]
[WhiteElo "1953"]
[BlackElo "2105"]
[PlyCount "70"]
[EventDate "2005.10.16"]
[EventType "team-tourn"]
[EventRounds "11"]
[EventCountry "CZE"]
[SourceTitle "EXT 2009"]
[Source "ChessBase"]
[SourceDate "2008.11.26"]
[SourceVersion "1"]
[SourceVersionDate "2008.11.26"]
[SourceQuality "1"]
[WhiteTeam "Synthesia II"]
[BlackTeam "Vysehrad III"]
[WhiteTeamCountry "CZE"]
[BlackTeamCountry "CZE"]

1. e4 e6 2. d4 d5 3. Nd2 dxe4 4. Nxe4 Nd7 5. Nf3 Ngf6 6. Nxf6+ Nxf6 7. Ne5 Qd5 8. f3 c5 9. c3 cxd4 10. Qa4+ Nd7 11. Bf4 f6 12. Bc4 Qc5 13. Nd3 Qb6 14. Bg3 dxc3 15. bxc3 Kf7 16. Bf2 Nc5 17. Qc2 Nxd3+ 18. Qxd3 Bc5 19. Bxc5 Qxc5 20. Rb1 Qe5+ 21. Kf2 Qc5+ 22. Kg3 Qc7+ 23. Kf2 Rd8 24. Qe2 Qc5+ 25. Kf1 a6 26. a4 b5 27. axb5 axb5 28. Bxb5 Qxc3 29. Qe1 Qd4 30. h4 Ra2 31. Be2 Qa7 32. Bc4 Rdd2 33. Rb3 Rf2+ 34. Kg1 Rxg2+ 35. Kf1 Raf2+ 0-1

[Event "CZE-chT U18 0506"]
[Site "Czech Republic"]
[Date "2005.11.04"]
[Round "3.1"]
[White "Reitingerova, Iveta"]
[Black "Kastner, Vojtech"]
[Result "1/2-1/2"]
[WhiteElo "1889"]
[BlackElo "1988"]
[PlyCount "58"]
[EventDate "2005.10.08"]
[EventType "team-tourn"]
[EventRounds "11"]
[EventCountry "CZE"]
[SourceTitle "EXT 2009"]
[Source "ChessBase"]
[SourceDate "2008.11.26"]
[SourceVersion "1"]
[SourceVersionDate "2008.11.26"]
[SourceQuality "1"]
[WhiteTeam "Most"]
[BlackTeam "Havlickuv Brod"]
[WhiteTeamCountry "CZE"]
[BlackTeamCountry "CZE"]

1. e4 e6 2. d4 d5 3. e5 c5 4. c3 Nc6 5. Nf3 Bd7 6. Be2 Rc8 7. 0-0 Qb6 8. Na3 cxd4 9. cxd4 f6 10. Nc2 fxe5 11. dxe5 Nge7 12. Bd3 g6 13. Bg5 Bg7 14. Qe2 0-0 15. Ne3 Nf5 16. Ng4 Nb4 17. Bxf5 exf5 18. Nf6+ Bxf6 19. exf6 h6 20. Bxh6 Rxf6 21. Ng5 Re8 22. Qd2 d4 23. Rfe1 Nd5 24. Rxe8+ Bxe8 25. Re1 Bf7 26. Rd1 Rc6 27. Nxf7 Kxf7 28. Qxd4 Qxd4 29. Rxd4 Ke6 1/2-1/2

[Event "Chrudim op"]
[Site "Chrudim"]
[Date "2004.07.12"]
[Round "8"]
[White "Kastner, Vojtech"]
[Black "Kracik, Martin"]
[Result "1-0"]
[WhiteElo "1916"]
[BlackElo "1679"]
[PlyCount "87"]
[EventDate "2004.07.06"]
[EventType "swiss"]
[EventRounds "9"]
[EventCountry "CZE"]
[SourceTitle "EXT 2006"]
[Source "ChessBase"]
[SourceDate "2005.11.24"]
[SourceVersion "1"]
[SourceVersionDate "2005.11.24"]
[SourceQuality "1"]

1. e4 c5 2. Nf3 a6 3. d4 cxd4 4. Nxd4 Nf6 5. Nc3 e5 6. Nf3 d6 7. Bg5 Be7 8. Bxf6 gxf6 9. Bc4 Be6 10. Bxe6 fxe6 11. Nh4 Kd7 12. Qd3 Nc6 13. 0-0-0 Rc8 14. Qh3 f5 15. Nf3 fxe4 16. Nxe4 Qa5 17. a3 Nb4 18. c3 Nd5 19. Kb1 Nf4 20. Qh6 Rcf8 21. Qg7 Nd5 22. Nxd6 Kxd6 23. Qxe5+ Kd7 24. c4 Bd6 25. Qd4 Rf4 26. Qxh8 Rxc4 27. Qg7+ Kc8 28. Qg8+ Kd7 29. Qxh7+ Kc8 30. Rc1 Rxc1+ 31. Rxc1+ Kb8 32. Qd7 Qb6 33. Rc8+ Ka7 34. Qxe6 Nc7 35. Qe3 Bc5 36. Qc3 Qg6+ 37. Ka1 Qd6 38. Qd2 Qb6 39. Qd8 Bd6 40. Qh4 Qc5 41. Qd4 Kb6 42. h4 Qxd4 43. Nxd4 Bc5 44. Rxc7 1-0

[Event "Chrudim op"]
[Site "Chrudim"]
[Date "2004.07.10"]
[Round "6"]
[White "Kastner, Vojtech"]
[Black "Houska, Bronislav"]
[Result "1/2-1/2"]
[WhiteElo "1916"]
[BlackElo "2087"]
[PlyCount "39"]
[EventDate "2004.07.06"]
[EventType "swiss"]
[EventRounds "9"]
[EventCountry "CZE"]
[SourceTitle "EXT 2006"]
[Source "ChessBase"]
[SourceDate "2005.11.24"]
[SourceVersion "1"]
[SourceVersionDate "2005.11.24"]
[SourceQuality "1"]

1. e4 d6 2. d4 Nf6 3. Nc3 g6 4. Be3 c6 5. Qd2 Qa5 6. h3 Nbd7 7. f4 b5 8. Bd3 Bg7 9. Nf3 Bb7 10. 0-0 0-0 11. f5 b4 12. Ne2 c5 13. fxg6 hxg6 14. Ng3 Rac8 15. Bh6 c4 16. Bxg7 Kxg7 17. Nf5+ gxf5 18. Qg5+ Kh7 19. Qh4+ Kg7 20. Qg5+ 1/2-1/2

[Event "Chrudim op"]
[Site "Chrudim"]
[Date "2004.07.08"]
[Round "3"]
[White "Gutdeutsch, Otto"]
[Black "Kastner, Vojtech"]
[Result "1-0"]
[WhiteElo "2116"]
[BlackElo "1916"]
[PlyCount "33"]
[EventDate "2004.07.06"]
[EventType "swiss"]
[EventRounds "9"]
[EventCountry "CZE"]
[SourceTitle "EXT 2006"]
[Source "ChessBase"]
[SourceDate "2005.11.24"]
[SourceVersion "1"]
[SourceVersionDate "2005.11.24"]
[SourceQuality "1"]

1. e4 e6 2. Nc3 d5 3. exd5 exd5 4. d4 Bf5 5. Bd3 Bxd3 6. Qxd3 Bb4 7. Nf3 Ne7 8. Bg5 Nbc6 9. 0-0-0 f6 10. Bf4 Qd7 11. h4 0-0-0 12. Rhe1 Nf5 13. Re2 Kb8 14. Rde1 a6 15. Re6 Ba5 16. Qxf5 Rhe8 17. Qh3 1-0

[Event "CZE-ch U16"]
[Site "Czech Republic"]
[Date "2004.??.??"]
[Round "8"]
[White "Kastner, Vojtech"]
[Black "Petr, Martin"]
[Result "0-1"]
[WhiteElo "1919"]
[BlackElo "2238"]
[PlyCount "134"]
[EventDate "2004.03.06"]
[EventType "swiss"]
[EventRounds "9"]
[EventCountry "CZE"]
[SourceTitle "EXT 2007"]
[Source "ChessBase"]
[SourceDate "2006.11.23"]
[SourceVersion "1"]
[SourceVersionDate "2006.11.23"]
[SourceQuality "1"]

1. e4 e6 2. d4 d5 3. Nc3 Nf6 4. e5 Nfd7 5. f4 c5 6. Nf3 Nc6 7. Be3 a6 8. Qd2 b5 9. Bd3 b4 10. Nd1 Qb6 11. c3 g6 12. 0-0 c4 13. Be2 h5 14. Nf2 Qa5 15. Qc2 bxc3 16. bxc3 Ne7 17. Rfb1 Nf5 18. Bc1 Nb6 19. Nd1 Na4 20. Kf2 Bd7 21. h3 h4 22. Nh2 Be7 23. Bg4 Ng3 24. Bf3 Bb5 25. Nf1 Nf5 26. Nfe3 Rd8 27. Qd2 Nxe3 28. Qxe3 Kd7 29. Bg4 Rb8 30. Kg1 Rb7 31. Qd2 Rhb8 32. Qc2 Nb6 33. Qd2 Ba4 34. Ne3 Na8 35. Rxb7+ Rxb7 36. Bb2 Qb5 37. Bc1 Nc7 38. Kf1 Qa5 39. Bb2 Qb5 40. Bc1 Kd8 41. Ke1 Qa5 42. Bb2 Rb5 43. Bf3 Qb6 44. Bc1 Kc8 45. Bg4 Rb1 46. Rxb1 Qxb1 47. Qb2 Qe4 48. Qf2 Nb5 49. Qd2 Kd8 50. Kf2 Qxf4+ 51. Kg1 Bg5 52. Nxc4 Qxd2 53. Bxd2 Bxd2 54. Nxd2 Nxc3 55. a3 Nb5 56. Be2 Nxd4 57. Bxa6 Nc6 58. Nf3 Kc7 59. Kf2 Bd1 60. a4 Bxa4 61. Ke3 Bd1 62. Kf4 Bxf3 63. gxf3 Kb6 64. Be2 Kc5 65. Kg5 Nxe5 66. Kf6 Kd4 67. f4 Nd3 0-1

[Event "CZE-ch U16"]
[Site "Czech Republic"]
[Date "2004.??.??"]
[Round "1"]
[White "Priborsky, Jan"]
[Black "Kastner, Vojtech"]
[Result "1-0"]
[WhiteElo "2229"]
[BlackElo "1919"]
[PlyCount "79"]
[EventDate "2004.03.06"]
[EventType "swiss"]
[EventRounds "9"]
[EventCountry "CZE"]
[SourceTitle "EXT 2007"]
[Source "ChessBase"]
[SourceDate "2006.11.23"]
[SourceVersion "1"]
[SourceVersionDate "2006.11.23"]
[SourceQuality "1"]

1. e4 e6 2. d4 d5 3. Nd2 Nf6 4. e5 Nfd7 5. Bd3 c5 6. c3 Nc6 7. Ne2 cxd4 8. cxd4 f6 9. exf6 Nxf6 10. Nf3 Bd6 11. 0-0 Qc7 12. Bg5 0-0 13. Bh4 Nh5 14. Qc2 h6 15. Bg6 Rxf3 16. gxf3 Bxh2+ 17. Kh1 Nf4 18. Ng3 Qd6 19. Rad1 e5 20. Bh7+ Kh8 21. Kxh2 g5 22. Nf5 Bxf5 23. Bxf5 gxh4 24. dxe5 Nxe5 25. Kh1 Qf6 26. Rfe1 Nxf3 27. Qc7 Qxf5 28. Qc3+ Kg8 29. Qxf3 Kf7 30. Rd4 Qh3+ 31. Qxh3 Nxh3 32. Kg2 Ng5 33. Rxd5 h3+ 34. Kg3 Rg8 35. Rd7+ Kf6 36. f4 Ne6+ 37. Kf3 Nc5 38. Rd6+ Kf7 39. Rxh6 Rd8 40. Rxh3 1-0

[Event "Litomysl op"]
[Site "Litomysl"]
[Date "2003.12.29"]
[Round "6"]
[White "Gross, Stefan"]
[Black "Kastner, Vojtech"]
[Result "1-0"]
[WhiteElo "2310"]
[BlackElo "1919"]
[PlyCount "59"]
[EventDate "2003.12.26"]
[EventType "swiss"]
[EventRounds "9"]
[EventCountry "CZE"]
[SourceTitle "CBM 098 Extra"]
[Source "ChessBase"]
[SourceDate "2004.03.10"]
[SourceVersion "2"]
[SourceVersionDate "2004.03.10"]
[SourceQuality "1"]

1. e4 e6 2. d3 d5 3. Nd2 Nf6 4. Ngf3 c5 5. g3 Nc6 6. Bg2 Be7 7. 0-0 0-0 8. Re1 Qc7 9. e5 Nd7 10. Qe2 Rb8 11. Nf1 b5 12. Bf4 a5 13. h4 Ba6 14. Ne3 Qb6 15. Ng5 g6 16. Ng4 c4 17. h5 b4 18. hxg6 hxg6 19. Nh6+ Kg7 20. Nhxf7 Nd4 21. Qg4 Rxf7 22. Be3 Bc5 23. Bxd4 Bxd4 24. Qxd4 Rf5 25. Qxb6 Rxb6 26. f4 cxd3 27. cxd3 Bxd3 28. Rac1 Rf8 29. Rc7 Bb5 30. Bf1 1-0

[Event "Litomysl op"]
[Site "Litomysl"]
[Date "2003.12.27"]
[Round "2"]
[White "Mejzlik, Vojtech"]
[Black "Kastner, Vojtech"]
[Result "1/2-1/2"]
[WhiteElo "2114"]
[BlackElo "1919"]
[PlyCount "67"]
[EventDate "2003.12.26"]
[EventType "swiss"]
[EventRounds "9"]
[EventCountry "CZE"]
[SourceTitle "CBM 098 Extra"]
[Source "ChessBase"]
[SourceDate "2004.03.10"]
[SourceVersion "2"]
[SourceVersionDate "2004.03.10"]
[SourceQuality "1"]

1. c4 e5 2. Nc3 Bc5 3. e3 Nc6 4. Nf3 Nf6 5. d4 e4 6. Nd2 Bb4 7. Qc2 Bxc3 8. bxc3 Qe7 9. a4 d6 10. Ba3 0-0 11. Be2 Bf5 12. 0-0 Nd7 13. Rae1 Bg6 14. Qb3 b6 15. f3 exf3 16. Bxf3 Na5 17. Qa2 Rae8 18. e4 c5 19. Rf2 f5 20. Rfe2 fxe4 21. Nxe4 Bxe4 22. Bxe4 Qd8 23. Bc1 Kh8 24. g3 Nf6 25. Bg5 h6 26. Bf4 Nxe4 27. Rxe4 Rxe4 28. Rxe4 Re8 29. Qe2 Rxe4 30. Qxe4 Nxc4 31. dxc5 d5 32. Qd4 bxc5 33. Qxc5 a6 34. Kg2 1/2-1/2

[Event "CZE-ch U16"]
[Site "Volyne"]
[Date "2003.??.??"]
[Round "?"]
[White "Forman, Miroslav"]
[Black "Kastner, Vojtech"]
[Result "1-0"]
[WhiteElo "1828"]
[BlackElo "1928"]
[PlyCount "25"]
[EventDate "2003.??.??"]
[EventType "swiss"]
[EventRounds "9"]
[EventCountry "CZE"]
[SourceTitle "EXT 2005"]
[Source "ChessBase"]
[SourceDate "2004.11.15"]
[SourceVersion "1"]
[SourceVersionDate "2004.11.15"]
[SourceQuality "1"]

1. d4 e6 2. Nf3 d5 3. Bf4 c5 4. c3 Nc6 5. e3 Nf6 6. Nbd2 Be7 7. Bd3 0-0 8. 0-0 Bd7 9. Bg5 cxd4 10. exd4 a6 11. Ne5 b5 12. Qe2 Qb6 13. Bxf6 1-0

[Event "CZE-ch U16"]
[Site "Volyne"]
[Date "2003.??.??"]
[Round "?"]
[White "Simek, Zdenek"]
[Black "Kastner, Vojtech"]
[Result "1/2-1/2"]
[WhiteElo "1522"]
[BlackElo "1928"]
[PlyCount "31"]
[EventDate "2003.??.??"]
[EventType "swiss"]
[EventRounds "9"]
[EventCountry "CZE"]
[SourceTitle "EXT 2005"]
[Source "ChessBase"]
[SourceDate "2004.11.15"]
[SourceVersion "1"]
[SourceVersionDate "2004.11.15"]
[SourceQuality "1"]

1. d4 Nf6 2. c4 e6 3. Nc3 d5 4. Bg5 Nbd7 5. e3 c6 6. Nf3 Qa5 7. Nd2 Bb4 8. Qc2 0-0 9. a3 Be7 10. Bd3 h6 11. h4 Qc7 12. Nf3 e5 13. dxe5 dxc4 14. Bh7+ Nxh7 15. Bxe7 Re8 16. Bd6 1/2-1/2